Across the sand / Hugh Howey.
Available copies
- 1 of 2 copies available at LARL/NWRL Consortium.
Current holds
0 current holds with 2 total copies.
Show Only Available Copies
| Location | Call Number / Copy Notes | Barcode | Shelving Location | Status | Due Date |
|---|---|---|---|---|---|
| Crookston Public Library | SF HOW (Text) | 33500013695770 | Main | Available | - |
| Moorhead Public Library | SF HOW (Text) | 33500013695788 | Main | Checked out | 05/23/2026 |
Record details
- ISBN: 9780358670452
- ISBN: 0358670454
- Physical Description: 400 pages ; 21 cm
- Publisher: New York : William Morrow, [2022]
- Copyright: ©2022
Content descriptions
| Summary, etc.: | The old world is buried. A new one has been forged ... Read More |
Search for related items by subject
| Subject: | Survival > Fiction. Siblings > Fiction. Families > Fiction. |
| Genre: | Science fiction. Apocalyptic fiction. Novels. |
Search for related items by series
| LDR | 02086cam a2200385 i 4500 | ||
|---|---|---|---|
| 001 | 399050 | ||
| 003 | LARL_NWRL_CONSORTIUM | ||
| 005 | 20221019170439.0 | ||
| 008 | 220106s2022 nyu 000 1 eng d | ||
| 040 | . | ‡aYDX ‡beng ‡erda ‡cYDX ‡dOCO ‡dLE@ | |
| 019 | . | ‡a1290840133 ‡a1291147987 | |
| 020 | . | ‡a9780358670452 ‡q(hardcover) | |
| 020 | . | ‡a0358670454 ‡q(hardcover) | |
| 035 | . | ‡a(OCoLC)1291170659 ‡z(OCoLC)1290840133 ‡z(OCoLC)1291147987 | |
| 082 | 0 | 4. | ‡a813/.6 ‡223 |
| 100 | 1 | . | ‡aHowey, Hugh, ‡eauthor. ‡0(LARL_NWRL_CONSORTIUM)221054 |
| 245 | 1 | 0. | ‡aAcross the sand / ‡cHugh Howey. |
| 264 | 1. | ‡aNew York : ‡bWilliam Morrow, ‡c[2022] | |
| 264 | 4. | ‡c©2022 | |
| 300 | . | ‡a400 pages ; ‡c21 cm | |
| 336 | . | ‡atext ‡btxt ‡2rdacontent | |
| 337 | . | ‡aunmediated ‡bn ‡2rdamedia | |
| 338 | . | ‡avolume ‡bnc ‡2rdacarrier | |
| 490 | 0 | . | ‡aSand chronicles ; ‡v2 |
| 520 | . | ‡aThe old world is buried. A new one has been forged atop the shifting dunes, a land of howling wind and infernal sand. In this barren home, siblings Conner, Rob, Palmer and Violet daily carve out a future. They live in the shadow of their father and oldest sister, Vic, two of the greatest sand divers ever to comb the desert's depths. But these branches of their family tree are long gone, disappeared into the wastes beyond, leaving the younger siblings scratching in the dust, hopeful for a better life. On the other side of No Man's Land, Anya was born beside the abundant mines knowing her prospects would be to marry, have a family, and work in ore, in service to the Empire of the East. But when an atomic bomb delivered by a stranger destroys most of her town--murdering all her friends and community--she follows her father to a strange land of dunes to bring vengeance to their enemies. | |
| 650 | 0. | ‡aSurvival ‡vFiction. | |
| 650 | 0. | ‡aSiblings ‡vFiction. | |
| 650 | 0. | ‡aFamilies ‡vFiction. ‡0(LARL_NWRL_CONSORTIUM)164942 | |
| 655 | 7. | ‡aScience fiction. ‡2lcgft | |
| 655 | 7. | ‡aApocalyptic fiction. ‡2lcgft | |
| 655 | 7. | ‡aNovels. ‡2lcgft | |
| 901 | . | ‡a399050 ‡bOCoLC ‡c399050 ‡tbiblio ‡soclc | |

Add to basket
Permalink
Enable Highlighting